Nezábudka. Ticho, teraz spievame my

Bibliographic Details
Corporate Authors: Nezabudka, Humenné (súbor folklórny detský) (uci), Ľudová hudba folklórneho súboru Chemlon Humené, Slovensko (uci)
Other Authors: Hic, Daniel (uci), Hevessyová, Soňa (gup)
Format: Book
Language:Slovak
PhysicalDescription:1 magnetofónová kazeta (48 min. 15 sek.) stereo
Published: Bratislava Radio Bratislava 2001
Subjects:

MARC

LEADER 00000nam a2200000 a 4500
001 vtls001429605
003 SK-MaSNL
005 20260302072609.0
008 130607s2001 xo 0 slo
015 |a SNBJ2002/01-00386 
035 |a SNK000384617 
040 |a SNK  |b slo  |c SNK  |e AACR2 
044 |a xo  |c SK 
080 |a 784.4:785.14(086.7)  |2 1981 
080 |a 785.14  |2 1981 
245 1 |a Nezábudka. Ticho, teraz spievame my  |h zvukový dokument 
260 |a Bratislava  |b Radio Bratislava  |c 2001 
300 |a 1 magnetofónová kazeta (48 min. 15 sek.)  |b stereo 
500 |a Obal Soňa Hevessyová 
505 0 |a Obsahuje 20 piesní 
511 |a Súbory vedú Mikuláš Petrašovský, Miroslav Kerekanič 
511 |a Klávesové nástroje Daniel Hic 
511 |a Účinkuje Detský spevácky zbor Nezábudka 
511 |a Spoluúčinkuje LH folklórneho súboru Chemlon z Humeného 
650 0 7 |a ľudová hudba  |x piesne ľudové  |x kazety magnetofónové  |2 SNK  |9 283675 
650 0 7 |a piesne ľudové  |x kazety magnetofónové  |2 SNK  |9 283676 
655 7 |a magnetofónové kazety  |2 SNK  |9 70693 
700 1 |a Petrašovský, Mikuláš  |4 dir  |9 46273 
700 1 |a Kerekanič, Miroslav,  |d 1961-  |4 dir  |9 357231 
700 1 |a Hic, Daniel  |4 uci  |9 735945 
700 1 |a Hevessyová, Soňa  |4 gup  |9 44228 
710 0 |a Nezabudka, Humenné (súbor folklórny detský)  |4 uci  |9 735946 
710 0 |a Ľudová hudba folklórneho súboru Chemlon Humené, Slovensko  |4 uci  |9 735947 
999 |c 1157205  |d 1159135 
952 |t P60, <03>, [BOOK], {603}  |a SNK  |b SNK  |y PREZ  |7 0  |p 17A0325947  |o snkK 2296  |i snkJK 46/2002  |0 0  |1 0  |4 0  |d 2002-02-20  |l 0  |r 2005-01-02 00:00:00  |w 2026-02-24